Evaluation of levels of knowledge in birth control pill patients in a Planned Parenthood clinic /

Bibliographic Details
Main Author: Ashworth, Polly, 1951-
Format: Thesis Microform Book
Language:English
Published: [Place of publication not identified] : [publisher not identified] ; 1985.
Subjects:

MARC

Tag First Indicator Second Indicator Subfields
LEADER 00000cam a2200000 a 4500
001 in00000026867
005 20151007054556.0
007 he bmb|||||||
008 851106r19851985oru bb 00010 eng d
035 |a (OCoLC)12767079 
035 |9 AAB5556AM 
040 |a MUU  |c MUU  |d HPE  |d TXA  |d UtOrBLW 
049 |a TXAI 
099 |a fiche  |a C  |a 9151 
100 1 |a Ashworth, Polly,  |d 1951- 
245 1 0 |a Evaluation of levels of knowledge in birth control pill patients in a Planned Parenthood clinic /  |c by Polly Ashworth. 
264 1 |a [Place of publication not identified] :  |b [publisher not identified] ;  |c 1985. 
300 |a x, 84 leaves. 
336 |a text  |b txt  |2 rdacontent 
337 |a microform  |b h  |2 rdamedia 
338 |a microfiche  |b he  |2 rdacarrier 
502 |b M.S.  |c University of Oregon  |d 1985. 
500 |a Vita. 
504 |a Bibliography: leaves 80-84. 
533 |a Microfiche.  |b Eugene :  |c Microform Publications, College of Human Development and Performance, University of Oregon,  |d 1985.  |e 1 microfiche : negative ; 11 x 15 cm. 
500 |a Microform. 
650 0 |a Birth control  |x Study and teaching. 
650 0 |a Oral contraceptives. 
650 0 |a Birth control clinics. 
999 |a MARS 
999 f f |s b4fb6b9f-000d-383d-8fb0-afcbf18d18fe  |i 6553f7c4-74da-3ee5-b52f-b76257ddac89  |t 0 
952 f f |p normal  |a Texas A&M University  |b College Station  |c Sterling C. Evans Library  |d Evans: Microforms (3rd floor)  |t 0  |e fiche C 9151  |h Other scheme  |i microform -- microfiche  |m A14822856173 
998 f f |a fiche C 9151  |t 0  |l Evans: Microforms (3rd floor)